000 00699nam a2200193 4500
008 160516b xxu||||| |||| 00| 0 eng d
082 _22003
_aDFil 331
_bG9221
100 _98270
_aGatchalian, Jose C.
245 _aLabor management cooperation:
_b(LMCs in the new millennium)/
_cJose C. Gatchalian and Miflora M. Gatchalian.
250 _aThird Revised Edition
260 _aQuezon City:
_bQuality Partners Company, Ltd.,
_cc2003.
300 _avarious paging:
_billustartions;
_c24 cm.
500 _aIncludes indexes.
650 0 _98273
_aLabor-management
650 0 _98275
_aIndustrial relations
700 _98274
_aGatchalian, Miflora M.
_eAuthor
365 _b612.00
_cPhp
942 _2ddc
_cDFIL
999 _c2500
_d2500